=LDR 00000nam 2200000 4500 =001 INLIS000000000054363 =990 ##$$a 61900968 =990 ##$$a 61900971 =990 ##$$a 61900970 =990 ##$$a 61900969 =005 20200123070227 =990 ##$$a 61900971 =990 ##$$a 61900970 =990 ##$$a 61900971 =990 ##$$a 61900971 =035 ##$$a 0010-0120000141 =990 ##$$a 61900969 =990 ##$$a 61900969 =990 ##$$a 61900970 =990 ##$$a 61900970 =007 ta =990 ##$$a 61900969 =990 ##$$a 61900968 =990 ##$$a 61900968 =990 ##$$a 61900968 =008 200123###########################0#ind## =020 ##$$a 978-979-794-587-9 =082 ##$$a 899.221 3 =084 ##$$a 899.221 3 RAT p =100 #$$a Ratih Pradnyaswari =245 1#$$a Poetie December /$c Ratih Pradnyaswari =260 ##$$a Jakarta :$b Media Kita,$c 2019 =300 ##$$a vii, 216 hlm. : $b ilus. ; $c 19 Cm. =600 #4$$a Fiksi indonesia =990 ##$$a 05780578 =990 ##$$a 05780578 =990 ##$$a 05780578 =990 ##$$a 05780578 =990 ##$$a 61900968 =990 ##$$a 6202000578 =990 ##$$a 6202000579 =990 ##$$a 6202000580 =990 ##$$a 61900969 =990 ##$$a 6202000578 =990 ##$$a 6202000579 =990 ##$$a 61900968 =990 ##$$a 61900970 =990 ##$$a 6202000578 =990 ##$$a 61900969 =990 ##$$a 61900968 =990 ##$$a 61900971 =990 ##$$a 61900970 =990 ##$$a 61900969 =990 ##$$a 61900968